000 00334nam a2200169Ia 4500
100 _aJain & Jain
650 _aChemistry
250 _a12
942 _cBK
654 _aChemistry
245 _aEngineering Chemistry
260 _bDhanpat Rai
_c1998
082 _a540
_bJAIN
300 _a952
546 _aENGLISH
999 _c22375
_d22375